|
003 -Nazwa inst., której nr kontr. jest w polu 001 [,]
|
-
- @
- Nazwa instytucji, której n kontrolny jest w polu 001
- NUKAT
|
|
005 -DATA I CZAS OSTATNIEJ MODYFIKACJI [,]
|
-
- @
- pole kontrolne
- 20241231104727.0
|
|
020 -Międzynarod. znormalizowany nr książki - ISBN [ , ]
|
-
- a
- Numer ISBN
- 9788376101767
|
|
040 -Instytucja sporządzająca opis [ , ]
|
-
- a
- Instytucja, która sporządziła opis (NP)
- BYDG 24/MM
-
- b
- Język katalogowania
- pol
-
- e
- Zasady katalogowania
- rda
-
- c
- Instytucja, która sporządziła rekord (NP)
- BYDG 24/MM
-
- d
- Instytucja, która zmodyfikowała rekord (P)
- BYDG 24/MSzs
-
- d
- Instytucja, która zmodyfikowała rekord (P)
- WA M/ES
-
- d
- Instytucja, która zmodyfikowała rekord (P)
- WR O/KS
-
- d
- Instytucja, która zmodyfikowała rekord (P)
- GL 001/EZN
-
- d
- Instytucja, która zmodyfikowała rekord (P)
- GL 001/FAN
|
|
942 -Rodzaj dokumentu [ , ]
|
-
- c
- Rodzaj dokumentu
- Książka
|
|
080 -Uniwersalna Klasyfikacja Dziesiętna [ , ]
|
-
- 2
- Identyfikator wydania tablic
- UDC-P058
-
-
- a
- Symbol klasyfikacji
- 339.7
-
- b
- Dopowiedzenie
- Finanse międzynarodowe.
-
-
- x
- Poddział wspólny
- (083.1)
-
- c
- Dopowiedzenie poddz. wspólnego
- (Przepisy. Instrukcje. Poradniki praktyczne).
-
-
- x
- Poddział wspólny
- (4-67)
-
- c
- Dopowiedzenie poddz. wspólnego
- (Kraje Unii Europejskiej).
|
|
080 -Uniwersalna Klasyfikacja Dziesiętna [ , ]
|
-
- 2
- Identyfikator wydania tablic
- UDC-P058
-
-
- a
- Symbol klasyfikacji
- 811.162.1'38
-
- b
- Dopowiedzenie
- Język polski. - Stylistyka ogólna.
-
-
- x
- Poddział wspólny
- (083.1)
-
- c
- Dopowiedzenie poddz. wspólnego
- (Przepisy. Instrukcje. Poradniki praktyczne).
|
|
080 -Uniwersalna Klasyfikacja Dziesiętna [ , ]
|
-
- 2
- Identyfikator wydania tablic
- UDC-P058
-
-
- a
- Symbol klasyfikacji
- 005.92
-
- b
- Dopowiedzenie
- Dokumentacja biurowa. Registratura akt. Archiwa.
-
-
- x
- Poddział wspólny
- (083.1)
-
- c
- Dopowiedzenie poddz. wspólnego
- (Przepisy. Instrukcje. Poradniki praktyczne).
|
|
650 -Hasło przedmiotowe [ ,7]
|
-
- a
- Hasło przedmiotowe
- Komunikacja pisemna
-
- v
- Określnik formalny
- poradniki.
-
-
|
|
650 -Hasło przedmiotowe [ ,7]
|
-
- a
- Hasło przedmiotowe
- Sztuka pisania
-
- v
- Określnik formalny
- poradniki.
-
-
|
|
650 -Hasło przedmiotowe [ ,7]
|
-
- a
- Hasło przedmiotowe
- Fundusze strukturalne
-
- x
- Określnik rzeczowy
- sztuka pisania
-
- v
- Określnik formalny
- poradniki.
-
-
|
|
980 -Symbol UKD [ , ]
|
-
- a
- UKD
- 811.162.1'38:005.92:339.7(4-67)](083.1)
|
|
700 -Hasło dodatkowe - nazwa osobowa [1, ]
|
-
- a
- Nazwa osobowa (NP)
- Maziarz, Marek.
-
- e
- Określenie rodzaju współpracy
- Autor
-
|
|
700 -Hasło dodatkowe - nazwa osobowa [1, ]
|
-
- a
- Nazwa osobowa (NP)
- Piekot, Tomasz.
-
- e
- Określenie rodzaju współpracy
- Autor
-
|
|
700 -Hasło dodatkowe - nazwa osobowa [1, ]
|
-
- a
- Nazwa osobowa (NP)
- Poprawa, Marcin.
-
- e
- Określenie rodzaju współpracy
- Autor
-
|
|
700 -Hasło dodatkowe - nazwa osobowa [1, ]
|
-
- a
- Nazwa osobowa (NP)
- Zarzeczny, Grzegorz.
-
- e
- Określenie rodzaju współpracy
- Autor
-
|
|
700 -Hasło dodatkowe - nazwa osobowa [1, ]
|
-
- a
- Nazwa osobowa (NP)
- Gajda-Deszczka, Paulina.
-
- e
- Określenie rodzaju współpracy
- Ilustracje
-
|
|
710 -Hasło dodatkowe - nazwa ciała zbiorowego [1, ]
|
-
- a
- Nazwa ciała zbiorowego lub nazwa geograficzna jako pierwszy element (NP)
- Polska.
-
- b
- Nazwa jednostki podrzędnej (P)
- Ministerstwo Rozwoju Regionalnego.
-
- e
- Rodzaj współpracy
- Wydawca
-
-
|